书目信息 |
| 题名: |
电梯原理及逻辑排故
|
|
| 作者: | 姚融融 编 | |
| 分册: | ||
| 出版信息: | 西安 西安电子科技大学出版社 2004.03 |
|
| 页数: | 291页 | |
| 开本: | 26cm | |
| 丛书名: | ||
| 单 册: | ||
| 中图分类: | TH211 | |
| 科图分类: | ||
| 主题词: | 起重机械 , 手枪 , 转轮枪 | |
| 电子资源: | ||
| ISBN: | 7-5606-1337-3 | |
| 000 | 00616nam0 2200217 450 | |
| 001 | 0636826228 | |
| 005 | 20060613083729.38 | |
| 010 | @a7-5606-1337-3@dCNY22.00 | |
| 100 | @a20060610d2004 km y0chiy0120 ea | |
| 101 | 0 | @achi |
| 200 | 1 | @a电梯原理及逻辑排故@Adian ti yuan li ji luo ji pai gu@f姚融融等编@Fyao rong rong deng bian |
| 210 | @a西安@c西安电子科技大学出版社@d2004.03 | |
| 215 | @a291页@d26cm | |
| 300 | @a高职高专系列教材 | |
| 606 | 0 | @a起重机械 |
| 606 | 0 | @a手枪 |
| 606 | 0 | @a转轮枪 |
| 690 | @aTH211@v4 | |
| 701 | 0 | @a姚融融@Ayao rong rong@4编 |
| 801 | 0 | @aCN@bPFT@c20060613 |
| 905 | @aBZT@dTH211@e1@f6 | |
| 电梯原理及逻辑排故/姚融融等编.-西安:西安电子科技大学出版社,2004.03 |
| 291页;26cm |
| 高职高专系列教材 |
| ISBN 7-5606-1337-3:CNY22.00 |
| ● |
| 相关链接 |
|
|
|
正题名:电梯原理及逻辑排故
索取号:TH211/1
 
预约/预借
| 序号 | 登录号 | 条形码 | 馆藏地/架位号 | 状态 | 备注 |
| 1 | 0446332 | 230004315 | 样本书库/样006架A面4层2列/ [索取号:TH211/1] | 在馆 | |
| 2 | 0446333 | 230003620 | 中心书库中库/ 中库030架A面8列2层36/ [索取号:TH211/1] | 在馆 | |
| 3 | 0446334 | 230003616 | 中心书库中库/ 中库030架A面8列2层32/ [索取号:TH211/1] | 在馆 | |
| 4 | 0446335 | 230003617 | 中心书库中库/ 中库030架A面8列2层35/ [索取号:TH211/1] | 在馆 | |
| 5 | 0446336 | 230003618 | 中心书库中库/ 中库030架A面8列2层34/ [索取号:TH211/1] | 在馆 | |
| 6 | 0446337 | 230003619 | 中心书库中库/ 中库030架A面8列2层33/ [索取号:TH211/1] | 在馆 |